00990nam a22002177a 450000100060000000300080000600500170001400800410003103500190007204000350009104100080012608200300013410000260016424502210019026000840041130000370049550200890053250400340062165000780065570000390073382280BD-RjUL20240121102316.0231113s2015 bg a|||| m||| 00| 0 eng d a(BD-RjUL)82280 aBD-RjULbengcBD-RjULdBD-RjUL aeng 223a320.8095492bCHI 2015 aChowdhury, Mst Shuvrs10aImpact of 'the local government (Union Parishad) Act, 2009' on the local governance in Bangladesh : bA focus on People's participation and accountability /cMst. Shuvrs Chowdhury ;6Supervisor : Pranab Kumar Panday. aRajshahi :bDepartment of Public Administration, University of Rajshahi,c2015. axx, 294 leaves :bill, ;c29.cm. aThesis (Ph. D.) -- Department of Public Administration, University of Rajshahi, 2015 aReferences : Leaves 234 - 252 aLocal governmentvPolitical science (Politics and government)zBangladesh aPanday, Pranab, Kumar, Supervisor